Online
Catalog

Malvinas, Georgias y Sandwich del Sur, ante el conflicto con Gran Bretana / (Record no. 7385)

MARC details
000 -CABECERA
campo de control de longitud fija 00676cam a2200205 a 4500
001 - NÚMERO DE CONTROL
campo de control 000007605
005 - FECHA Y HORA DE LA ÚLTIMA TRANSACCIÓN
campo de control 20200929154229.0
008 - DATOS DE LONGITUD FIJA--INFORMACIÓN GENERAL
campo de control de longitud fija 831214s1982 ag a b 000 0 spa
020 ## - NÚMERO INTERNACIONAL ESTÁNDAR DEL LIBRO
Número Internacional Estándar del Libro 9500169002
040 ## - FUENTE DE LA CATALOGACIÓN
Centro catalogador/agencia de origen DO-SdBNP
Centro/agencia transcriptor DLC
Centro/agencia modificador DLC
050 00 - SIGNATURA TOPOGRÁFICA DE LA BIBLIOTECA DEL CONGRESO
Número de clasificación F3031
Número de documento/Ítem .D473 1982
082 ## - NÚMERO DE LA CLASIFICACIÓN DECIMAL DEWEY
Número de clasificación 997/.11
Número de documento/Ítem D476m
100 1# - ENTRADA PRINCIPAL--NOMBRE DE PERSONA
Nombre de persona Destefani, Laurio Hedelvio.
9 (RLIN) 21083
245 10 - MENCIÓN DE TÍTULO
Título Malvinas, Georgias y Sandwich del Sur, ante el conflicto con Gran Bretana /
Mención de responsabilidad, etc. Laurio H. Destefani.
260 ## - PUBLICACIÓN, DISTRIBUCIÓN, ETC.
Lugar de publicación, distribución, etc. Buenos Aires :
Nombre del editor, distribuidor, etc. EDIPRESS,
Fecha de publicación, distribución, etc. 1982.
300 ## - DESCRIPCIÓN FÍSICA
Extensión 144 p. :
Otras características físicas il. ;
Dimensiones 20 cm.
504 ## - NOTA DE BIBLIOGRAFÍA, ETC.
Nota de bibliografía, etc. Bibliografía: p. 140-143.
651 #0 - PUNTO DE ACCESO ADICIONAL DE MATERIA--NOMBRE GEOGRÁFICO
Nombre geográfico Falkland Islands
Subdivisión general History.
9 (RLIN) 21084
910 ## - DATOS DE OPCIÓN DEL USUARIO (OCLC)
Datos de opción del usuario Catalogación por copia / LC
Holdings
Estado de retiro Estado de pérdida Restricciones de uso No para préstamo Código de colección Localización permanente Ubicación/localización actual Ubicación en estantería Fecha de adquisición Número de inventario Total de préstamos Signatura topográfica completa Código de barras Fecha visto por última vez Precio válido a partir de Tipo de ítem Koha Número de copia
    Préstamo interno   Monografías: Libros y Folletos General General En catalogación 09.09.2009 LF1   997/.11 D476m 7605-10 25.06.2020 25.06.2020 Préstamo interno  
    Préstamo restringido Préstamo restrigido Monografías: Libros y Folletos General General En catalogación 09.09.2009 LF1   997/.11 D476m 7605-20 25.06.2020 25.06.2020 Préstamo interno e.2
    Préstamo interno   Monografías: Libros y Folletos General General En catalogación 09.09.2009 LF1   997/.11 D476m 7605-30 25.06.2020 25.06.2020 Préstamo interno e.3

Powered by Koha